000 00643 a2200193 4500
001 61815
005 20260407155909.0
008 260407a1964 arg spa d
003 AR-UNSa-BCEJYS
040 _aAR-UNSa-BCEJYS
_bspa
_cAR-UNSa-BCEJYS
080 _a347.725
_xSociedades públicas. Sociedades anónimas (Sociedades por acciones)
245 1 0 _aSociedades anónimas
_pCursillo dictado en el Centro de Estudios Económico-Sociales
264 1 _aBuenos Aires :
_bVíctor P. de Zavalía
_c1964
300 _a135 p.
_c20 cm.
041 _aspa
942 _cBK
590 _aniveau_biblio:m niveau_hierar:0
100 1 _aDi Guglielmo, Pascual
999 _c7419
_d7419